| 000 | 01093nam0a22003011 4500 | ||
|---|---|---|---|
| 001 | RU\NLR\INFOCOMM_161\5000089330 | ||
| 005 | 20260406091831.0 | ||
| 010 | _a0-81092-153-7 | ||
| 035 | _a(NLR Aleph) 009316671 | ||
| 090 |
_a9370572 _c9370572 |
||
| 100 | _a20101201d1978 |||y0rusy50 ca | ||
| 101 | 1 | _aeng | |
| 102 |
_aUS _aRU |
||
| 105 | _aa ||||000|y | ||
| 200 | 1 |
_aPaul Gauguin _e[An album] _fComp. a. introd. by A. Kantor-Gukovskaya _gTransl. by J. McNair] |
|
| 210 |
_aNew York _cAbrams _aL. _cAurora _d1978 |
||
| 215 |
_a16 с., 25 л. цв. ил. _cцв. ил., ил. _d32 см |
||
| 225 | 1 | _aMasters of world painting | |
| 600 | 1 |
_aГоген _bП. _f1848-1903 _gПоль _jАльбомы _2nlr_sh1 |
|
| 686 |
_aЩ143(4Фр)5-8Гоген _2rubbk |
||
| 700 | 1 |
_4070 _7ba _8fre _aGauguin _bP. _f1848-1903 _gPaul _3RU\NLR\AUTH\770277679 _92649646 |
|
| 702 | 1 |
_4220 _7ba _8rus _aKantor-Gukovskaja _bA. S. _gAsja Solomonovna _3RU\NLR\AUTH\770282452 _92671586 |
|
| 801 | 1 |
_aRU _bNLR _c20101201 |
|
| 801 | 0 |
_aRU _bNLR _gPSBO |
|
| 852 |
_aNLR _jЭ АлИс590/2-Г581 |
||
| 942 | _cBOOK | ||
| 980 | _aNB | ||